| 000 | 01343nam a22002777a 4500 | ||
|---|---|---|---|
| 005 | 20081120100015.0 | ||
| 008 | 081120t xxu||||| |||| 00| e hin d | ||
| 010 | _aHIN-85151 | ||
| 020 |
_c220.00 _a8189914537 |
||
| 035 | _aHN-57497 | ||
| 037 | _bDBAD / PUB | ||
| 040 |
_aDPL _bHN |
||
| 082 | _a808.883 | ||
| 100 | _aपुष्पालाल सिंह | ||
| 245 |
_aजुग बीते, युग आयेः _cपुष्पपाल सिंह _b(कथा रिपोर्ताज) / |
||
| 246 |
_aJuga biite, yug aaye _bby Pushppal Singh |
||
| 260 |
_aगाजियाबाद _bरेमाधव पब्लिकेशन्स _c2008 |
||
| 270 |
_aसी-22, तृतीय तल, आर.डी.सी., राजनगर _bगाजियाबाद _e201002 (उ.प्र.) _mcontact@remadhav.com |
||
| 300 |
_a184पृ _c22सेमी (सजिल्द) |
||
| 650 | _aस्मृति | ||
| 650 | _aMemory | ||
| 650 | _aस्मृति साहित्य में | ||
| 650 | _aMemory in literature | ||
| 942 |
_2ddc _cHN _mपुष्पपा _h808.883 |
||
| 999 |
_c18807 _d18807 |
||